国際化の中の日本経済 : 日本経済調査協議会提言集
সংরক্ষণ করুন:
| সংস্থা লেখক: | |
|---|---|
| বিন্যাস: | গ্রন্থ |
| ভাষা: | Undetermined |
| প্রকাশিত: |
東京
東洋経済新報社
1971
|
| বিষয়গুলি: | |
| ট্যাগগুলো: |
ট্যাগ যুক্ত করুন
কোনো ট্যাগ নেই, প্রথমজন হিসাবে ট্যাগ করুন!
|
| Thư viện lưu trữ: | Trung tâm Học liệu Trường Đại học Cần Thơ |
|---|
| LEADER | 00587nam a2200205Ia 4500 | ||
|---|---|---|---|
| 001 | CTU_82505 | ||
| 008 | 210402s9999 xx 000 0 und d | ||
| 082 | |a 330.952 | ||
| 082 | |b N691 | ||
| 110 | |a 日本経済調査協議会 | ||
| 245 | 0 | |a 国際化の中の日本経済 : | |
| 245 | 0 | |b 日本経済調査協議会提言集 | |
| 245 | 0 | |c 日本経済調査協議会 | |
| 260 | |a 東京 | ||
| 260 | |b 東洋経済新報社 | ||
| 260 | |c 1971 | ||
| 650 | |a Economic conditions | ||
| 650 | |z Japan | ||
| 904 | |i Ngoc, QHieu | ||
| 980 | |a Trung tâm Học liệu Trường Đại học Cần Thơ | ||